Mezinárodní desetinné třídení (FID 419)
Uložené v:
| Médium: | Kniha |
|---|---|
| Jazyk: | Czech |
| Vydavateľské údaje: |
Praha
Ústředí vědeckých, technických a ekonomických informací
1974
|
| Vydanie: | 13. mezinár. vyd. |
| Tagy: |
Žiadne tagy, Buďte prvý, kto otaguje tento záznam!
|
MARC
| LEADER | 00000nam a2200000 4500 | ||
|---|---|---|---|
| 001 | c111282 | ||
| 005 | 20190620105527.7 | ||
| 041 | 0 | |a cze | |
| 044 | |a CZ | ||
| 245 | 1 | 0 | |a Mezinárodní desetinné třídení (FID 419) |
| 250 | |a 13. mezinár. vyd. | ||
| 264 | 1 | |a Praha |b Ústředí vědeckých, technických a ekonomických informací |c 1974 | |
| 300 | |a 232 s. | ||